চতুর্থ শিল্প বিপ্লব / (Record no. 2815)
[ view plain ]
| 000 -LEADER | |
|---|---|
| fixed length control field | 00675nam a22002177a 4500 |
| 001 - CONTROL NUMBER | |
| control field | 2815 |
| 003 - CONTROL NUMBER IDENTIFIER | |
| control field | BD-DhBUF |
| 005 - DATE AND TIME OF LATEST TRANSACTION | |
| control field | 20251123112041.0 |
| 008 - FIXED-LENGTH DATA ELEMENTS--GENERAL INFORMATION | |
| fixed length control field | 251123b bg ||||| |||| 00| 0 ben d |
| 020 ## - INTERNATIONAL STANDARD BOOK NUMBER | |
| International Standard Book Number | 9789843471253 |
| 040 ## - CATALOGING SOURCE | |
| Original cataloging agency | BD-DhBUF |
| Transcribing agency | BD-DhBUF |
| 100 ## - MAIN ENTRY--PERSONAL NAME | |
| Personal name | শোয়াব, ক্লাউস |
| 9 (RLIN) | 4193 |
| 245 ## - TITLE STATEMENT | |
| Title | চতুর্থ শিল্প বিপ্লব / |
| Statement of responsibility, etc. | ক্লাউস শোয়াব, |
| 246 ## - VARYING FORM OF TITLE | |
| Title proper/short title | The fourth industrial revolution / |
| 260 ## - PUBLICATION, DISTRIBUTION, ETC. | |
| Place of publication, distribution, etc. | ঢাকা : |
| Name of publisher, distributor, etc. | মাতৃভাষা, |
| Date of publication, distribution, etc. | ২০২৩. |
| 300 ## - PHYSICAL DESCRIPTION | |
| Extent | 168p. : |
| Dimensions | 22cm. ; |
| 526 ## - STUDY PROGRAM INFORMATION NOTE | |
| Program name | ES |
| 650 ## - SUBJECT ADDED ENTRY--TOPICAL TERM | |
| Topical term or geographic name entry element | Business |
| 650 ## - SUBJECT ADDED ENTRY--TOPICAL TERM | |
| Topical term or geographic name entry element | Environmental Science |
| 942 ## - ADDED ENTRY ELEMENTS (KOHA) | |
| Source of classification or shelving scheme | Dewey Decimal Classification |
| Koha item type | Books |
| Withdrawn status | Lost status | Source of classification or shelving scheme | Damaged status | Not for loan | Home library | Current library | Date acquired | Total Checkouts | Full call number | Barcode | Date last seen | Copy number | Price effective from | Koha item type |
|---|---|---|---|---|---|---|---|---|---|---|---|---|---|---|
| Dewey Decimal Classification | BUFT Library | BUFT Library | 11/22/2025 | 338.064 S55911c 2023 | 2025-0372 | 11/23/2025 | C-1 | 11/23/2025 | Books | |||||
| Dewey Decimal Classification | BUFT Library | BUFT Library | 12/02/2025 | 338.064 S55911c 2023 | 2025-0457 | 12/02/2025 | C-2 | 11/23/2025 | Books |
